000 00874nam a2200301Ia 4500
003 GCL
008 140319s9999 xx 000 0 ara d
040 _aGCL /
_cGCL
082 0 4 _a805
_bد هـ
100 1 _aدار الهلال
245 1 0 _aالهلال - ابريل 1969 /
_cدار الهلال
300 _a177 ص
490 _aالهيئة العامة للاستعلامات
_v0
650 0 4 _aالماركسية
650 0 4 _aالفلسفة
650 0 4 _aتوفيق الحكيم
650 0 4 _aالحج
650 0 4 _aالمسرح
650 0 4 _aالتاريخ
650 0 4 _aالفن
650 0 4 _aالاساطير
650 0 4 _aالدوريات
650 0 4 _aالبيركامى
650 0 4 _aمصر - تاريخ - العصر الحديث - ثورة 1919
650 0 4 _aوليم شكسبير
650 0 4 _aهنرى الثامن
942 _2ddc
_cBK
999 _c51596
_d51596